00502nam a2200133Ia 4500008004100000050002100041082001900062110002700081245007600108260002400184300003100208500006600239650006300305121101s9999 xx 000 0 und d aHG 4521 S36 2009 a352.6 S36 2009 aSánchez Ruiz, Erika. aProyecto de inversión "Outsourcing del valle de México, S. de R.L." aMéxico : el autor a226 h. : diagramas, 28 cm. aProyecto de inversión. Universidad Insurgentes- Plantel sur a1. inversiones. 2. Proyectos de desarrollo económico.Ì